Name the Taylor Swift song from the first lyric - Statistics

General Stats
  • This quiz has been taken 136 times
  • The average score is 9 of 13
Answer Stats
Hint Answer % Correct
Knew he was a killer first time that I saw him / Wondered how many girls he had loved and left haunted ...Ready For It?
96%
I am not the kind of girl / Who should be rudely bargin' in on a white veil occasion Speak Now
95%
He is sensible and so incredible / And all my single friends are jealous The Way I Loved You
79%
You and I walk a fragile line / I have known it all this time Haunted
77%
We gather here, we line up, weepin' in a sunlit room / And if I'm on fire, you'll be made of ashes, too my tears ricochet
75%
I sit and watch you readin' with your head low / I wake and watch you breathin' with your eyes closed tolerate it
74%
3 AM and I'm still awake, I'll bet you're just fine / Fast asleep in your city that's better than mine I Bet You Think About Me
72%
I blew things out of proportion, now you're blue / Put you in jail for something you didn’t do Afterglow
70%
Flashing lights / And we took a wrong turn Wonderland
68%
We were supposed to be just friends / You don't live in my part of town, but maybe I'll see you out some weekend Glitch
59%
"It only hurts this much right now" / Was what I was thinkin' the whole time Labyrinth
58%
I've known it from the very start / We’re a shot in the darkest dark Say Don't Go
56%
You have a way of coming easily to me / And when you take, you take the very best of me Cold As You
34%
No matching quizzes found
Score Distribution
Percent of People with Each Score
Percentile by Number Answered
Your Score History
You have not taken this quiz